Pays d'origine des Papes - Carte Quiz - Statistiques

Statistiques générales
  • Ce quiz a été pris 112 fois
  • Le résultat moyen est 15 sur 16
Réponses sur la Carte
Les réponses sont colorées sur une échelle allant du rouge au vert en fonction du pourcentage des utilisateurs qui les ont devinées à leur premier essai. Vous pouvez retrouver ces pourcentages ci-dessous.
 
Statistiques - réponses
Nombre de papes Pays % Correct
16 France
99%
6 Allemagne
98%
2 Espagne
98%
1 Etats-Unis
98%
212 Italie / Vatican
98%
1 Portugal
98%
1 Royaume-Uni
98%
1 Argentine
96%
3 Grèce
95%
1 Pays-Bas
95%
1 Pologne
95%
2 Turquie
95%
2 Croatie
88%
1 Libye
87%
3 Israël
80%
3 Syrie
78%
Aucun quiz correspondant
Distribution des résultats
% des personnes avec chaque résultat
Percentile par nombre de réponses
Votre historique - résultats
Vous n’avez pas pris ce quiz